000 00678nam a2200241 a 4500
008
020 _a0748785256 (pbk.)
049 _aMAIN
090 _aLB1050.22
_bPET
100 1 _aPetty, Geoff.
245 1 0 _aTeaching today :
_ba practical guide /
_cGeoff Petty.
250 _a3rd ed.
260 _aCheltenham :
_bNelson Thornes,
_c2004.
300 _avi, 562 p. :
_bill. ;
_c25 cm.
500 _aIncludes index.
504 _aIncludes bibliographical references.
650 1 _aTeaching.
907 _a.b10258966
_b05-10-12
_c09-12-08
003
005 20230123125006.0
040 _cNUST
942 _cBOOKS
_kLB1050.22
_mPET
999 _c133809
_d133809